00805nam a2200241Ia 450000100060000000300090000600800410001504000130005604000130006904100130008210000300009510000290012524500470015424500760020125000110027726000120028826000120030026000490031230000570036150000810041865000330049965000310053235026IT-RoPAU130308s9999 xx 000 0 und d aIT-RoPAU cIT-RoPAU aITALIANO aLuchinat Acidini Cristina gCodice Aut. SPICS: 16622 aFabbriche dei Pandolfini avanti il palazzo bRaffaello e l'architettura a Firenze nella Prima Meta' del Cinquecento a1a ed. aFIRENZE bSansoni c1984 [1° Ed.:1984 - Ed.Ling.Originale:1984] a"10 p. (prefazione: no ; testo: 10 [pagine: 17-26])" aCappella Familiare nella Badia Portico nel Primo Chiostro Portale D'Ingresso aAUTORI/OPERE DI ARCHITETTURA eCodice materia Spics: 5307